000 00795nam a2200277Ia 4500
001 Para_4249
003 CHAP
008 220125s1942 xx 000 0 und d
010 _a202568
040 _cCHAP
090 _aPA FOLLETO 1460
100 _aJenkins, Lee
_961322
245 _aPreventing wormy apples /
_c Lee Jenkins, Leonard Haseman
260 _aColumbia, Missouri :
_b Agricultural Experiment Station
300 _a1v [Sin paginación]
440 _aMissouri Agr. Exp. Sta. Circular; 222
_9167849
650 _aManzana
_x Plagas
_970792
700 _aHaseman, Leonard
_953018
901 _aPA FOLLETO 1460
902 _aA
905 _a0000001942 ck 0000000000 00
910 _a1942
942 _cPARA
942 _cPARA
_d1
999 _c202568
_d202568